| 000 | 00468nam a22001697a 4500 | ||
|---|---|---|---|
| 003 | OSt | ||
| 005 | 20211022151846.0 | ||
| 008 | 211022b |||||||| |||| 00| 0 eng d | ||
| 020 | _a0-7637-0533-0 | ||
| 040 |
_aDDC _cHU |
||
| 082 |
_21 _a613.7 _b1 |
||
| 100 |
_aKEYSER BETTE B. _915108 |
||
| 245 | _aPracticing the Application of HEALTH EDUCATION SKILLS AND COMPETENCES | ||
| 250 | _a1 | ||
| 260 |
_aBoston _bJones and Bartlett Publishers _c1997 |
||
| 942 |
_2ddc _cBOOKS _n0 |
||
| 999 |
_c14448 _d14448 |
||